| 000 | 00833cab a22002055a 4500 | ||
|---|---|---|---|
| 001 | L145237 | ||
| 008 | 080917e20080917xxko f s 000 0 eng d | ||
| 035 | _a(Sirsi) u145237 | ||
| 041 | 0 | _aeng | |
| 100 | 1 | _aBaldwin, Iain | |
| 245 | 0 | 0 | _aWhere the money is |
| 260 | _c2008 | ||
| 490 |
_aEstates Gazette _v(0836) 13 September 2008, 134-135(2) |
||
| 520 | _aArticle looks at investment in residential property and states that this particular sector remains attractive in the medium to long term due to the fall in capital values and the growth in rental values. Recommends an integrated approach to asset management and suggests that positive management is key to investor success. | ||
| 590 | _aKA | ||
| 651 | 4 |
_aUnited Kingdom _y |
|
| 690 | _aPROPERTY-PROPERTY FINANCE AND INVESTMENT | ||
| 700 | 1 | _aCollett, Alan | |
| 942 | _n0 | ||
| 999 |
_c80743 _d80743 |
||